| 000 | 00829nam a22002177a 4500 | ||
|---|---|---|---|
| 003 | SEM | ||
| 005 | 20260625145042.0 | ||
| 008 | 260624s1978 ai ||||gr||||||01|||arm|d | ||
| 040 |
_aSEM _cSEM |
||
| 041 | _aarm | ||
| 080 | _a891.981-3/Մ-15 | ||
| 100 | _aՄաթևոսյան, Հրանտ | ||
| 245 |
_aԾառերը : _bՎիպակների ժողովածու / _cՀ. Մաթևոսյան ; Խմբ.՝ Վ. Դավթյան |
||
| 260 |
_aԵրևան : _bՍովետական գրող, _c1978. |
||
| 300 |
_a458 էջ ; _c20 սմ |
||
| 500 | _aԿենդանին և մեռյալը: Գոմեշը: Մեսրոպը: Սկիզբը: Մեծամոր: Աշնան արև: Ծառերը: | ||
| 650 |
_aՀայ գրականություն _xարձակ |
||
| 653 | _aՍԷՄ | ||
| 700 |
_aԴավթյան, Վահագն _eխմբ. _4edt. |
||
| 942 |
_2udc _cBK _n0 |
||
| 999 |
_c77326 _d77326 |
||